000 00383pab a2200145 454500
008 180718b1999 xxu||||| |||| 00| 0 eng d
100 _aLeach, Larry P.
245 _aCritical chain project management improves project performance
260 _c1999
300 _ap.39-51
362 _aJun
650 _aProject management
773 _aProject Management Journal
909 _a47815
999 _c47815
_d47815